000 00694nam a2200205Ia 4500
003 GCL
008 140319s9999 xx 000 0 ara d
020 _a4146301977
040 _aGCL /
_cGCL
082 0 4 _a949.7
_bج م
100 1 _aجمال الدين سيد محمد
245 1 0 _aمقدونية بين الماضى والحاضر /
_cجمال الدين سيد محمد
260 _aالقاهرة :
_bالهيئة المصرية العامة للكتاب ،
_c1987
300 _a270 ص ؛
_c28 سم
650 0 4 _aيوغسلافيا - تاريخ
650 0 4 _aمقدونيا
650 0 4 _aمقدونيا - تاريخ
650 0 4 _aاللغة المقدونية
942 _2ddc
_cBK
999 _c56881
_d56881